A new deal for school gardens. (Record no. 11999)

000 -LEADER
fixed length control field 00537cam a2200193 a 4500
020 ## - INTERNATIONAL STANDARD BOOK NUMBER
ISBN 9789251066157
020 ## - INTERNATIONAL STANDARD BOOK NUMBER
ISBN 9251066159
040 ## - CATALOGING SOURCE
Transcribing agency AGL
082 ## - DEWEY DECIMAL CLASSIFICATION NUMBER
Classification number 372 FAO 2010 A018 Or.
245 02 - TITLE STATEMENT
Title A new deal for school gardens.
246 30 - VARYING FORM OF TITLE
Title proper/short title School gardens
246 1# - VARYING FORM OF TITLE
Title proper/short title Promoting lifelong healthy eating habits
260 ## - PUBLICATION, DISTRIBUTION, ETC. (IMPRINT)
Place of publication Rome, Italy :
Name of publisher FAO,
Year of publication c2010.
300 ## - PHYSICAL DESCRIPTION
Number of Pages 24 p. :
Other physical details col. ill.
500 ## - GENERAL NOTE
General note Cover title.
650 #0 - SUBJECT ADDED ENTRY--TOPICAL TERM
Topical Term School gardens.
710 2# - ADDED ENTRY--CORPORATE NAME
Corporate name or jurisdiction name as entry element Food and Agriculture Organization of the United Nations.
942 ## - ADDED ENTRY ELEMENTS (KOHA)
Koha item type សៀវភៅភាសាអង់គ្លេស
952 ## - LOCATION AND ITEM INFORMATION (KOHA)
Withdrawn status [LOCAL, KOHA] 0
Holdings
Permanent Location Date acquired Koha item type Lost status Shelving location Barcode Current Location Full call number
Library Block A2017-08-09សៀវភៅភាសាអង់គ្លេស A018RUA060141Library Block A372 FAO 2010 A018 Or.
មជ្ឈមណ្ឌលឯការនៃសាកលវិទ្យាល័យភូមិន្ទកសិកម្មចំការដូង

Powered by Koha